| 000 | 00933cam a22003253a 4500 | ||
|---|---|---|---|
| 001 | 12695778 | ||
| 003 | OSt | ||
| 005 | 20140310184517.0 | ||
| 008 | 010730s2001 nyu j 000 1 eng d | ||
| 010 | _a 2002563244 | ||
| 020 | _a0439164524 (pbk.) | ||
| 035 | _a(OCoLC)ocm47670754 | ||
| 040 |
_aOCO _cOCO _dJED _dDLC |
||
| 042 | _alccopycat | ||
| 050 | 0 | 0 |
_aPZ 7 _b.K84Es 2001 |
| 100 | 1 | _aKorman, Gordon. | |
| 245 | 1 | 0 |
_aEscape / _cGordon Korman |
| 260 |
_aNew York : _bScholastic Inc., _c2001. |
||
| 300 |
_a132 p. ; _c20 cm. |
||
| 490 | 0 |
_aIsland ; _vbk. 3 |
|
| 521 | _aG4 | ||
| 526 | _c620 | ||
| 655 | 7 |
_aAdventure fiction. _2gsafd _93061 |
|
| 655 | 7 |
_aChildren's stories. _2lcsh _93012 |
|
| 710 | 2 |
_aCopyright Paperback Collection (Library of Congress) _5DLC _9705 |
|
| 906 |
_a7 _bcbc _ccopycat _d2 _encip _f20 _gy-genrareb |
||
| 942 |
_2lcc _cBK-SCHOLAS |
||
| 999 |
_c34973 _d34973 |
||